| 000 | 01618nam a22004457a 4500 | ||
|---|---|---|---|
| 001 | 000096303 | ||
| 003 | CHAP | ||
| 005 | 20220329143150.0 | ||
| 008 | 060921d2006 mx r 00110 spa d | ||
| 010 | _a92769 | ||
| 011 | _a93741 | ||
| 035 | _a104321 | ||
| 040 | _cCHAP | ||
| 090 | _aTesis | ||
| 100 | 1 |
_aBermúdez Rodríguez, Deisy. _911858 |
|
| 245 | 1 | 0 |
_aTamaño de muestra para la descripción del híbrido trilineal de maíz (Zea mays L.) H-155E y de sus progenitores / _c/por Deisy Bermúdez Rodríguez. |
| 260 |
_aChapingo, Méx. : _bEl autor, _c2006. |
||
| 300 |
_a31 h. : _bcuadros. |
||
| 502 | _aTesis (ing. Agr. Esp. en Fitotecnia) - - UACH. Departamento de Fitotecnia | ||
| 590 |
_aALEPH _b10 _c20130110 _lUCH01 _h1513 |
||
| 590 |
_aBATCH-UPD _b10 _c20130110 _lUCH01 _h0722 |
||
| 590 |
_aBATCH-UPD _b10 _c20130410 _lUCH01 _h0406 |
||
| 590 |
_aBATCH-UPD _b10 _c20130914 _lUCH01 _h0608 |
||
| 590 |
_aBATCH-UPD _b10 _c20140324 _lUCH01 _h1458 |
||
| 590 |
_aBATCH-UPD _b10 _c20141002 _lUCH01 _h0831 |
||
| 590 |
_aBATCH _b00 _c20181121 _lUCH01 _h0759 |
||
| 590 |
_aCONVERSION _b10 _c20130109 _lUCH01 _h1351 |
||
| 590 |
_aE5765TAJ _b10 _c20130528 _lUCH01 _h1302 |
||
| 650 | 1 | 4 |
_aMaíz _xGenética. _970963 |
| 650 | 1 | 4 |
_aMaíz _xHíbridos. _970974 |
| 650 | 1 | 4 |
_aSemillas _xCertificación. _9103883 |
| 856 |
_3Finding aid _uhttp://10.13.5.2/tesis/104321.pdf _zTeclea aquí |
||
| 856 |
_a1 _n0000943 |
||
| 901 | _aBK | ||
| 905 | _aElisama A. H. | ||
| 942 | _cCD | ||
| 942 | _n0 | ||
| 949 |
_aTesis _bBC _cTES _d00000000104321 _eTS1 _h45674 _i104321 _sb |
||
| 949 |
_aTesis _bBC _cTES _d33724000989570 _eTS2 _fc.2 _h45675 _i104321 _sb |
||
| 999 |
_c92769 _d92769 |
||